[Event "Sygnity Ekstraliga 2016"]
[Site "Gorzow Wlkp. - Wroclaw - Katowice"]
[Date "1899-12-30"]
[Round "3.9"]
[White "Cyborowski, Lukasz"]
[Black "Czarnota, Pawel"]
[Result "1/2-1/2"]
[WhiteTitle "GM"]
[BlackTitle "GM"]
[WhiteElo "2518"]
[BlackElo "2537"]

1. d4 Nf6 2. Nf3 d5 3. c4 c6 4. Nc3 e6 5. Bg5 h6 6. Bh4 Be7 7. e3 O-O 8. Qc2 Nbd7
9. a3 Re8 10. Bd3 a6 11. cxd5 exd5 12. Bg3 c5 13. dxc5 Nxc5 14. O-O Bg4 15. Nd4
Rc8 16. h3 Bd7 17. Bh4 Nce4 18. Bxe4 Nxe4 19. Bxe7 Qxe7 20. Qd3 Nxc3 21. bxc3
Rc4 22. Ne2 Rc5 23. Nd4 Rec8 24. Rfc1 Ra5 25. Qb1 Be6 26. Qb4 Qxb4 27. cxb4 Rxc1+
28. Rxc1 Rxa3 29. Rc7 b5 30. Ra7 Ra4 1/2-1/2

[Event "Sygnity Ekstraliga 2016"]
[Site "Gorzow Wlkp. - Wroclaw - Katowice"]
[Date "1899-12-30"]
[Round "3.10"]
[White "Warakomski, Tomasz"]
[Black "Nurkiewicz, Maciej"]
[Result "1-0"]
[WhiteTitle "IM"]
[BlackTitle "m"]
[WhiteElo "2486"]
[BlackElo "2378"]

1. d4 Nf6 2. Bg5 Ne4 3. h4 d5 4. Nd2 Nxd2 5. Qxd2 Bf5 6. h5 h6 7. Bh4 Qd7 8. Nf3
Nc6 9. e3 a6 10. Bd3 Bxd3 11. Qxd3 e6 12. c3 Be7 13. e4 dxe4 14. Qxe4 Bxh4 15.
Rxh4 Qd5 16. Qf4 Qd6 17. Ne5 f6 18. Ng6 Qxf4 19. Rxf4 Rg8 20. Re4 Kf7 21. O-O-O
Rad8 22. Rde1 Rge8 23. R4e3 Rd6 24. Nf4 Nd8 25. g4 Re7 26. Kc2 b6 27. b4 Nb7 28.
R1e2 c5 29. bxc5 bxc5 30. d5 e5 31. c4 Na5 32. Kc3 Rb6 33. Nd3 Rc7 34. f4 exf4
35. Re6 f3 36. Rxb6 fxe2 37. Rxa6 Nb7 38. Re6 Rc8 39. Rxe2 Ra8 40. Rb2 Nd6 41.
Nxc5 Rc8 42. Kd4 1-0

[Event "Sygnity Ekstraliga 2016"]
[Site "Gorzow Wlkp. - Wroclaw - Katowice"]
[Date "1899-12-30"]
[Round "3.11"]
[White "Delega, Tomasz"]
[Black "Szelag, Marcin"]
[Result "0-1"]
[WhiteTitle "CM"]
[BlackTitle "IM"]
[WhiteElo "2025"]
[BlackElo "2441"]

1. d4 Nf6 2. Nf3 g6 3. Bf4 Bg7 4. e3 c5 5. c3 b6 6. Nbd2 O-O 7. h3 Bb7 8. Be2 d6
9. O-O Nbd7 10. a4 a6 11. Bh2 Ne4 12. Nxe4 Bxe4 13. Nd2 Bd5 14. Bf3 Bxf3 15. Qxf3
Qc8 16. Rfc1 b5 17. axb5 axb5 18. Qd1 Qc6 19. Qf3 Qxf3 20. Nxf3 Rfc8 21. Kf1 Nb6
22. b3 Rxa1 23. Rxa1 Nd5 24. Rc1 cxd4 25. exd4 Bh6 26. Rc2 Rxc3 27. Rxc3 Nxc3
28. g4 f6 29. h4 Kf7 30. g5 fxg5 31. hxg5 Bg7 32. Bf4 Ke6 33. Bd2 Nd5 34. Ke2
Kf5 35. Kd3 e6 36. Nh2 Bf8 37. Nf1 Be7 38. f3 Nf4+ 39. Kc3 d5 40. Ne3+ Kxg5 41.
Ng2 Bd6 42. Bxf4+ Bxf4 43. Kb4 Bd2+ 44. Kxb5 h5 45. Kc6 h4 46. Nxh4 Kxh4 47. Kd6
Kg3 48. Kxe6 Kxf3 49. Kxd5 g5 50. Kc6 g4 51. d5 g3 0-1

[Event "Sygnity Ekstraliga 2016"]
[Site "Gorzow Wlkp. - Wroclaw - Katowice"]
[Date "1899-12-30"]
[Round "3.12"]
[White "Warakomska, Anna"]
[Black "Kulon, Klaudia"]
[Result "0-1"]
[WhiteTitle "WIM"]
[BlackTitle "WGM"]
[WhiteElo "2300"]
[BlackElo "2304"]

1. e4 c5 2. Nf3 Nc6 3. Bb5 g6 4. Bxc6 dxc6 5. d3 Bg7 6. h3 e5 7. a4 Qe7 8. Be3
Nf6 9. Nbd2 O-O 10. a5 Rd8 11. O-O Nh5 12. Nc4 Nf4 13. Qd2 g5 14. Rfe1 h5 15.
Qc3 f6 16. Qa3 Ne6 17. Rad1 Nd4 18. Bxd4 exd4 19. c3 Bf8 20. e5 f5 21. Nd6 g4
22. hxg4 hxg4 23. Nd2 dxc3 24. bxc3 c4 25. N2xc4 Be6 26. Qb2 Rd7 27. Kf1 Qh4 28.
Ke2 Qh2 29. Kd2 b5 30. Ne3 Qxe5 31. Nxg4 Qf4+ 32. Kc2 Rxd6 33. Rxe6 Rxe6 34. Qb3
Qa4 0-1

[Event "Sygnity Ekstraliga 2016"]
[Site "Gorzow Wlkp. - Wroclaw - Katowice"]
[Date "1899-12-30"]
[Round "3.13"]
[White "Wojtaszek, Radoslaw"]
[Black "Kryvoruchko, Yuriy"]
[Result "1/2-1/2"]
[WhiteTitle "GM"]
[BlackTitle "GM"]
[WhiteElo "2729"]
[BlackElo "2682"]

1. d4 Nf6 2. c4 e6 3. g3 d5 4. Bg2 Be7 5. Nf3 O-O 6. Qc2 c5 7. O-O Nc6 8. dxc5
d4 9. Bg5 Nd7 10. Bxe7 Qxe7 11. b4 Nxb4 12. Qb2 Nc6 13. Nxd4 Nxd4 14. Qxd4 Nxc5
15. Nd2 Rd8 16. Qe3 Rb8 17. Nb3 b6 18. Rfd1 Ba6 19. Nd4 Bb7 20. Bxb7 Qxb7 21.
Nb3 Qc7 22. Nxc5 Qxc5 23. Qxc5 bxc5 24. Rxd8+ Rxd8 25. Rb1 g6 26. Rb7 Rd2 27.
Rxa7 Rxe2 28. Ra5 Rc2 29. Rxc5 Rxa2 30. Kg2 Rc2 31. Rc7 Kg7 1/2-1/2

[Event "Sygnity Ekstraliga 2016"]
[Site "Gorzow Wlkp. - Wroclaw - Katowice"]
[Date "1899-12-30"]
[Round "3.14"]
[White "Piorun, Kacper"]
[Black "Navara, David"]
[Result "1/2-1/2"]
[WhiteTitle "GM"]
[BlackTitle "GM"]
[WhiteElo "2676"]
[BlackElo "2744"]

1. c4 c5 2. Nf3 Nc6 3. Nc3 Nf6 4. g3 g6 5. Bg2 Bg7 6. d4 cxd4 7. Nxd4 O-O 8. O-O
Qa5 9. Nb3 Qh5 10. c5 d6 11. cxd6 Rd8 12. e4 Qxd1 13. Rxd1 Rxd6 14. Rxd6 exd6
15. Bd2 Be6 16. Nb5 Rd8 17. Na5 Ng4 18. h3 Nge5 19. Bc3 Nxa5 20. Bxa5 Rd7 21.
Bc3 a6 22. Nd4 Nc6 23. Ne2 d5 24. exd5 Bxd5 25. Rd1 Be6 26. Rxd7 Bxd7 27. Bxg7
Kxg7 28. f4 h5 29. Kf2 b6 30. Ke3 Ne7 31. Nd4 a5 32. a3 Kf6 33. h4 Nc8 34. b3
Nd6 35. Bd5 Ke5 36. Ke4+ 1/2-1/2

[Event "Sygnity Ekstraliga 2016"]
[Site "Gorzow Wlkp. - Wroclaw - Katowice"]
[Date "1899-12-30"]
[Round "3.15"]
[White "Miton, Kamil"]
[Black "Dragun, Kamil"]
[Result "0-1"]
[WhiteTitle "GM"]
[BlackTitle "GM"]
[WhiteElo "2614"]
[BlackElo "2599"]

1. c4 e6 2. Nf3 Nf6 3. g3 d5 4. d4 dxc4 5. Bg2 Nc6 6. O-O Rb8 7. Nc3 b5 8. Ne5
Nxe5 9. dxe5 Nd7 10. Qd4 c5 11. Qf4 Qc7 12. b3 b4 13. Ne4 Qxe5 14. Qxe5 Nxe5 15.
Bf4 f6 16. bxc4 Be7 17. Rfd1 Rb6 18. Bxe5 fxe5 19. Rd3 a5 20. Rad1 O-O 21. a4
Ba6 22. Nd2 Rfb8 23. Rd7 Bf8 24. Be4 b3 25. Bd3 b2 26. Ra7 e4 27. Bxe4 Rd6 28.
Bd3 Rb4 29. Rb1 Rdb6 30. Ne4 Bxc4 31. Nc3 Bxd3 32. exd3 Rd6 33. Na2 Rb3 34. Rxa5
Rdxd3 35. Rb5 Rxb5 36. axb5 Rb3 37. Kf1 Be7 38. Ke2 Bf6 39. Kd2 Ra3 40. b6 Rxa2
41. b7 Be5 42. f4 Bc7 43. Kc3 Kf7 44. Kb3 Ra7 0-1

[Event "Sygnity Ekstraliga 2016"]
[Site "Gorzow Wlkp. - Wroclaw - Katowice"]
[Date "1899-12-30"]
[Round "3.16"]
[White "Krasenkow, Michal"]
[Black "Gajewski, Grzegorz"]
[Result "1/2-1/2"]
[WhiteTitle "GM"]
[BlackTitle "GM"]
[WhiteElo "2610"]
[BlackElo "2610"]

1. d4 Nf6 2. c4 e6 3. Nf3 d5 4. Nc3 Bb4 5. Qa4+ Nc6 6. e3 O-O 7. Qc2 Bd6 8. c5
Be7 9. Bb5 Nb8 10. e4 dxe4 11. Nxe4 Nxe4 12. Qxe4 Qd5 13. Qe2 Nc6 14. Be3 e5 15.
Bc4 Qe4 16. Bd3 Qd5 17. Bc4 Qe4 18. Bd3 Qd5 19. Bc4 1/2-1/2

[Event "Sygnity Ekstraliga 2016"]
[Site "Gorzow Wlkp. - Wroclaw - Katowice"]
[Date "1899-12-30"]
[Round "3.18"]
[White "Zawadzka, Beata"]
[Black "Socko, Monika"]
[Result "1/2-1/2"]
[WhiteTitle "WGM"]
[BlackTitle "GM"]
[WhiteElo "2320"]
[BlackElo "2467"]

1. d4 Nf6 2. Bg5 d5 3. Bxf6 exf6 4. e3 Bd6 5. c4 dxc4 6. Bxc4 O-O 7. Nc3 f5 8.
Nf3 Nd7 9. O-O Nf6 10. Rc1 c6 11. Qc2 Qe7 12. Rfd1 Bd7 13. g3 Rae8 14. a3 Ne4
15. Bf1 Ng5 16. Bg2 Nxf3+ 17. Bxf3 Qg5 18. b4 Rc8 19. Qb3 Qe7 20. Ne2 Rfd8 21.
Nf4 Bxf4 22. exf4 Be6 23. d5 cxd5 24. Rxc8 Rxc8 25. Bxd5 Rd8 26. Bxe6 Rxd1+ 27.
Qxd1 fxe6 28. Qd4 b6 29. h4 Qc7 30. a4 Qc1+ 31. Kh2 Qc6 32. b5 Qd5 33. Qc3 Qd7
34. Qc6 Qe7 35. Kg2 h6 36. Kf1 Kh7 37. Kg1 Kg6 38. Kg2 Kf6 39. Qc3+ Kf7 40. Qc6
Kg6 41. Kg1 Kf7 42. Qc3 1/2-1/2

[Event "Sygnity Ekstraliga 2016"]
[Site "Gorzow Wlkp. - Wroclaw - Katowice"]
[Date "1899-12-30"]
[Round "3.19"]
[White "Luch, Michal"]
[Black "Klekowski, Maciej"]
[Result "1-0"]
[WhiteTitle "IM"]
[BlackTitle "IM"]
[WhiteElo "2445"]
[BlackElo "2439"]

1. d4 Nf6 2. c4 e6 3. g3 d5 4. Nf3 Bb4+ 5. Bd2 Bd6 6. Bg2 O-O 7. Bg5 h6 8. Bxf6
Qxf6 9. Nc3 dxc4 10. Qa4 Nc6 11. Qxc4 Bd7 12. O-O e5 13. d5 Na5 14. Qd3 b5 15.
Nd2 Rab8 16. Nce4 Qe7 17. Nxd6 Qxd6 18. Rfc1 Rfc8 19. Ne4 Qe7 20. Qe3 Rb6 21.
b3 Nb7 22. Nc5 Nd6 23. Nxd7 Qxd7 24. Qxe5 b4 25. Qd4 a5 26. Rc5 Qe7 27. Qd3 Ne4
28. Rxa5 Qe5 29. Rc1 Nc3 30. Rc2 c6 31. f4 Qc7 32. dxc6 Rxc6 33. Bxc6 Qxa5 34.
Bf3 Rd8 35. Qe3 Qf5 36. Rd2 Rc8 37. Kg2 Qb5 38. Qe7 Qb6 39. Qd6 Qe3 40. Qd3 Qc5
41. Qd4 Qa5 42. Qd7 Rf8 43. Qe7 Nxa2 44. Rd5 Qb6 45. Rd7 Qg6 46. Ra7 Nc3 47. Qxb4
Rc8 48. Rc7 Rxc7 49. Qb8+ Kh7 50. Qxc7 Qc2 51. Qc4 f5 52. Qd3 Qxb3 53. Qxf5+ Kg8
54. h4 Qc4 55. Qe5 Qc8 56. h5 Qc4 57. g4 Qc8 58. f5 Kf7 59. Qd6 Kg8 60. f6 Qf8
61. Qe6+ Kh8 62. f7 1-0

[Event "Sygnity Ekstraliga 2016"]
[Site "Gorzow Wlkp. - Wroclaw - Katowice"]
[Date "1899-12-30"]
[Round "3.20"]
[White "Matuszewski, Michal"]
[Black "Butkiewicz, Lukasz"]
[Result "1-0"]
[WhiteTitle "IM"]
[BlackTitle "IM"]
[WhiteElo "2468"]
[BlackElo "2429"]

1. Nf3 f5 2. d3 Nc6 3. c4 Nf6 4. g3 g6 5. Bg2 Bg7 6. Nc3 O-O 7. O-O e5 8. Rb1 d6
9. b4 h6 10. b5 Ne7 11. Nd2 g5 12. a4 Rb8 13. Ba3 Be6 14. a5 Rf7 15. Qb3 f4 16.
Nde4 Nf5 17. Nxf6+ Bxf6 18. Qa2 Be7 19. Be4 Qd7 20. Nd5 Ng7 21. a6 Bf5 22. axb7
Bxe4 23. dxe4 Ne6 24. Rfd1 Nd4 25. c5 f3 26. Rxd4 exd4 27. c6 Qe6 28. exf3 g4
29. fxg4 d3 30. Rd1 Qxe4 31. Bxd6 Bd8 32. Bf4 Qf3 33. Ne3 Bg5 34. Bxg5 hxg5 35.
Rxd3 Kf8 36. Rd5 Re8 37. Qa3+ Kg8 38. Rxg5+ Kh8 39. Qc3+ Kh7 40. Rh5+ Kg6 41.
Qd3+ Kg7 42. Qh7+ 1-0

[Event "Sygnity Ekstraliga 2016"]
[Site "Gorzow Wlkp. - Wroclaw - Katowice"]
[Date "1899-12-30"]
[Round "3.23"]
[White "Brodowski, Piotr"]
[Black "Barski, Radoslaw"]
[Result "0-1"]
[WhiteTitle "m"]
[BlackTitle "k++"]
[WhiteElo "2453"]
[BlackElo "2333"]

1. g3 g6 2. Bg2 Bg7 3. c4 c5 4. Nc3 Nc6 5. a3 a5 6. d3 e6 7. h4 h6 8. Bd2 Nge7
9. Rb1 d6 10. Nb5 O-O 11. Qc1 Kh7 12. Nf3 f5 13. e4 e5 14. O-O f4 15. gxf4 Bg4
16. Re1 Bxf3 17. Bxf3 exf4 18. Bxf4 Be5 19. Bxe5 dxe5 20. Qe3 Nd4 21. Nxd4 cxd4
22. Qe2 Ng8 23. b4 a4 24. Kg2 Qxh4 25. Rh1 Qg5+ 26. Kf1 Rf4 27. Rg1 Qh4 28. Bg2
Nf6 29. Bf3 Qh3+ 30. Bg2 Qe6 31. Ke1 Rf8 32. f3 Nh5 33. Rb2 R4f6 34. Qd1 Nf4 35.
Bf1 Nh3 36. Rg3 Ng5 37. Rf2 R6f7 38. Be2 Qf6 39. Qd2 Ne6 40. Rh2 Nf4 41. Bd1 b5
42. c5 g5 43. Rg1 Kh8 44. Rgh1 Rh7 45. Bc2 h5 46. Bb1 g4 47. fxg4 h4 48. Qf2 h3
49. Qg3 Qg5 50. Kd1 Rh4 51. Rg1 Rg8 52. c6 Rc8 53. Rc2 Rh6 54. Rf1 Rcxc6 55. Rxc6
Rxc6 56. Rxf4 Rc1+ 57. Ke2 exf4 58. Qxh3+ Kg7 0-1

[Event "Sygnity Ekstraliga 2016"]
[Site "Gorzow Wlkp. - Wroclaw - Katowice"]
[Date "1899-12-30"]
[Round "3.24"]
[White "Leks, Maria"]
[Black "Bartel, Marta"]
[Result "1/2-1/2"]
[WhiteTitle "WCM"]
[BlackTitle "WGM"]
[WhiteElo "2126"]
[BlackElo "2270"]

1. e4 g6 2. d4 Bg7 3. Nc3 a6 4. Be3 b5 5. Bd3 d6 6. h3 Bb7 7. Nf3 Nd7 8. a4 b4
9. Ne2 Ngf6 10. Ng3 c5 11. c3 O-O 12. a5 c4 13. Bb1 bxc3 14. bxc3 Rc8 15. Qe2
e5 16. dxe5 Nxe5 17. Nxe5 dxe5 18. O-O h5 19. Rd1 Qe7 20. Bg5 Qe6 21. Qb2 Bc6
22. Qb4 Rfd8 23. Bc2 Bb5 24. Rxd8+ Rxd8 25. Ba4 Bf8 26. Qb2 Bxa4 27. Rxa4 Rd1+
28. Kh2 h4 29. Bxh4 Ng4+ 30. hxg4 Qxg4 31. Bf6 Qf4 32. Qe2 Qh6+ 33. Nh5 Rd2 34.
Qg4 Rxf2 35. Bh4 Rf1 36. Rxc4 Qxh5 37. Qxh5 gxh5 38. Bg3 Ra1 39. Bxe5 Rxa5 40.
Bc7 Rc5 41. Rxc5 Bxc5 42. Kg3 Kg7 43. e5 Kf8 44. Kf4 Ke7 45. Kf5 Kd7 46. Ba5 Be7
47. c4 Kc6 48. e6 fxe6+ 49. Kxe6 Bd6 50. Bd2 h4 51. Be1 Bg3 52. Bb4 Bc7 53. Be7
Bg3 54. Bb4 Bf2 55. Kf5 Bc5 56. Ba5 Bb6 57. Be1 Bd8 58. Ke4 a5 59. Kd3 a4 60.
Bf2 Bf6 61. Kc2 Kd6 1/2-1/2

[Event "Sygnity Ekstraliga 2016"]
[Site "Gorzow Wlkp. - Wroclaw - Katowice"]
[Date "1899-12-30"]
[Round "3.28"]
[White "Maksimenko, Andrei"]
[Black "Sieciechowicz, Marcin"]
[Result "1/2-1/2"]
[WhiteTitle "GM"]
[BlackTitle "IM"]
[WhiteElo "2477"]
[BlackElo "2437"]

1. d4 Nf6 2. c4 g6 3. Nf3 Bg7 4. Nc3 d5 5. Bf4 O-O 6. e3 c5 7. dxc5 Qa5 8. Rc1
dxc4 9. Bxc4 Qxc5 10. Bb3 Nc6 11. O-O Qa5 12. h3 Bf5 13. Qe2 Ne4 14. g4 Nxc3 15.
bxc3 Bd7 16. Rfd1 Rfd8 17. Bxf7+ Kxf7 18. Ng5+ Ke8 19. Qc4 e6 20. Rxd7 Rxd7 21.
Qxe6+ Re7 22. Qg8+ Bf8 23. Nxh7 Rxh7 24. Qxh7 Ne7 25. Bd6 Qxa2 26. Bxe7 Bxe7 27.
Qxg6+ Kf8 28. Qh6+ Kg8 29. Qg6+ Kf8 30. Qh6+ Kg8 31. Qg6+ Kf8 32. Qh6+ 1/2-1/2

[Event "Sygnity Ekstraliga 2016"]
[Site "Gorzow Wlkp. - Wroclaw - Katowice"]
[Date "1899-12-30"]
[Round "3.29"]
[White "Zawadzki, Stanislaw"]
[Black "Jaracz, Pawel"]
[Result "1/2-1/2"]
[WhiteTitle "IM"]
[BlackTitle "GM"]
[WhiteElo "2431"]
[BlackElo "2481"]

1. d4 d5 2. c4 c6 3. Nf3 Nf6 4. e3 Bf5 5. Nc3 e6 6. Nh4 Be4 7. f3 Bg6 8. g3 Bd6
9. Kf2 Nbd7 10. Qb3 Rb8 11. Bd2 O-O 12. Nxg6 hxg6 13. Rc1 Qe7 14. Bd3 dxc4 15.
Bxc4 b5 16. Be2 c5 17. Rhd1 cxd4 18. exd4 a6 19. Kg2 Nb6 20. Bg5 Qa7 21. Bd3 Nfd5
22. Nxd5 Nxd5 23. Be4 Be7 24. Bxe7 Nxe7 25. Qb4 Rfd8 26. Qc5 Qd7 27. Qa3 Rb6 28.
Qa5 Qa7 29. Rc5 Qb8 30. f4 Nf5 31. Bxf5 gxf5 32. Qe1 Rbd6 33. Qe5 Qb6 34. b4 Rd5
35. Qe3 Qd6 36. a3 Qe7 37. h4 Qf6 38. Rxd5 Rxd5 39. Rd3 Qd8 40. Kh3 Kh7 1/2-1/2

[Event "Sygnity Ekstraliga 2016"]
[Site "Gorzow Wlkp. - Wroclaw - Katowice"]
[Date "1899-12-30"]
[Round "4.1"]
[White "Bartel, Mateusz"]
[Black "Heberla, Bartlomiej"]
[Result "1-0"]
[WhiteTitle "GM"]
[BlackTitle "GM"]
[WhiteElo "2640"]
[BlackElo "2541"]

1. e4 e6 2. d4 d5 3. Nc3 Nf6 4. e5 Nfd7 5. f4 c5 6. Nf3 Nc6 7. Be3 Rb8 8. Be2 Qa5
9. O-O b5 10. a4 b4 11. Nb5 Be7 12. f5 cxd4 13. Nbxd4 Nxd4 14. Nxd4 exf5 15. Nc6
Qc7 16. Nxe7 Kxe7 17. Qxd5 Bb7 18. Qd6+ Qxd6 19. exd6+ Kxd6 20. Rxf5 Rbe8 21.
Rd1+ Kc7 22. Bf4+ Kc8 23. Bb5 Re7 24. Bxd7+ Rxd7 25. Rc5+ 1-0

[Event "Sygnity Ekstraliga 2016"]
[Site "Gorzow Wlkp. - Wroclaw - Katowice"]
[Date "1899-12-30"]
[Round "4.2"]
[White "Antoniewski, Rafal"]
[Black "Sadzikowski, Daniel"]
[Result "1/2-1/2"]
[WhiteTitle "GM"]
[BlackTitle "IM"]
[WhiteElo "2532"]
[BlackElo "2548"]

1. e4 c5 2. Nf3 d6 3. d4 cxd4 4. Nxd4 Nf6 5. Nc3 a6 6. h3 e6 7. g4 h6 8. a4 Nc6
9. Nb3 Be7 10. Be3 g5 11. Be2 Ne5 12. a5 Bd7 13. h4 Rg8 14. hxg5 hxg5 15. f3 Bc6
16. Nd4 d5 17. Nxc6 Nxc6 18. exd5 exd5 19. Bb6 Qd6 20. Qd2 Bd8 21. Qe3+ Qe6 22.
Nd1 Kd7 23. Kd2 Re8 24. Bd3 Qxe3+ 25. Nxe3 Bxb6 26. axb6 Rh8 27. c4 Nd4 28. Kc3
Nxf3 29. Nxd5 Nxd5+ 30. cxd5 Rac8+ 31. Kb4 1/2-1/2

[Event "Sygnity Ekstraliga 2016"]
[Site "Gorzow Wlkp. - Wroclaw - Katowice"]
[Date "1899-12-30"]
[Round "4.3"]
[White "Mastrovasilis, Dimitrios"]
[Black "Bobras, Piotr"]
[Result "1/2-1/2"]
[WhiteTitle "GM"]
[BlackTitle "GM"]
[WhiteElo "2606"]
[BlackElo "2518"]

1. e4 c5 2. Nf3 Nc6 3. Bb5 g6 4. c3 Bg7 5. d4 Qa5 6. Bxc6 dxc6 7. O-O cxd4 8. cxd4
Bg4 9. Be3 Nf6 10. Nbd2 O-O 11. Qc2 Nd7 12. h3 Bxf3 13. Nxf3 e5 14. b4 Qd8 15.
Nxe5 Nxe5 16. dxe5 Bxe5 17. Rad1 Qc7 18. f4 Bd6 19. Qc4 Qe7 20. Bc5 Bxc5+ 21.
bxc5 Rad8 22. e5 Rd5 23. Rxd5 cxd5 24. Qxd5 Rd8 25. Qc4 Rc8 26. Rc1 Qd7 27. Kh2
Qc6 28. a3 Rd8 29. Rc2 Rd5 30. Qe4 Qd7 31. Rb2 Qc6 32. Rc2 Qd7 33. Rc4 Kg7 34.
a4 a5 35. Qb1 Rd2 36. Qe4 Rd5 37. Qe3 Rd3 38. Qe4 Rd5 1/2-1/2

[Event "Sygnity Ekstraliga 2016"]
[Site "Gorzow Wlkp. - Wroclaw - Katowice"]
[Date "1899-12-30"]
[Round "4.4"]
[White "Maksimenko, Andrei"]
[Black "Wieczorek, Oskar"]
[Result "1/2-1/2"]
[WhiteTitle "GM"]
[BlackTitle "IM"]
[WhiteElo "2477"]
[BlackElo "2432"]

1. d4 Nf6 2. c4 g6 3. Nc3 Bg7 4. Nf3 O-O 5. e4 d6 6. Be2 e5 7. O-O Nc6 8. d5 Ne7
9. Nd2 Nd7 10. b4 f5 11. c5 Nf6 12. f3 f4 13. Nc4 g5 14. a4 Ng6 15. Ba3 Rf7 16.
b5 dxc5 17. Bxc5 Bf8 18. Bxf8 Qxf8 19. Qb3 h5 20. Qa3 Qg7 21. d6 g4 22. dxc7 g3
23. h3 Rxc7 24. b6 Rc6 25. Nd5 Bxh3 26. gxh3 Qd7 27. Bd3 Qxh3 28. Ra2 Kh8 29.
Nd6 Nh7 30. Ne7 Nxe7 31. Nf7+ Kg7 32. Qxe7 Qe6 33. Qxb7 Qxf7 34. Qxc6 Qxa2 35.
Bc2 axb6 36. Qc7+ Qf7 37. Qxe5+ Qf6 38. Qc7+ Qf7 39. Qe5+ Qf6 40. Qc7+ Kh8 1/2-1/2

[Event "Sygnity Ekstraliga 2016"]
[Site "Gorzow Wlkp. - Wroclaw - Katowice"]
[Date "1899-12-30"]
[Round "4.7"]
[White "Klekowski, Maciej"]
[Black "Kempinski, Robert"]
[Result "0-1"]
[WhiteTitle "IM"]
[BlackTitle "GM"]
[WhiteElo "2439"]
[BlackElo "2615"]

1. Nf3 g6 2. e4 d6 3. d4 Nf6 4. Nc3 Bg7 5. Bc4 Nxe4 6. Nxe4 d5 7. Bd3 dxe4 8. Bxe4
Nd7 9. O-O c5 10. Be3 O-O 11. dxc5 Qc7 12. Nd4 Nxc5 13. Nb5 Qe5 14. Bd5 Be6 15.
c4 Bxd5 16. Qxd5 Qxd5 17. cxd5 Na4 18. Bxa7 Bxb2 19. Rab1 b6 20. Rfe1 Bf6 21.
Rec1 Rfd8 22. Rc4 Nc3 23. Nxc3 Rxa7 24. g3 Bxc3 25. Rxc3 Rxa2 26. Rb5 Ra5 27.
Rxb6 Rdxd5 28. Re3 Rd7 29. Rb2 g5 30. Kg2 Kg7 31. Rbe2 Kf6 32. Re4 h5 33. h4 g4
34. Rf4+ Kg6 35. Rfe4 e6 36. Re5 Rdd5 37. R5e3 e5 38. Re1 f6 39. R3e2 Kf5 40.
Rb1 Ra6 41. Kf1 Kg6 42. Reb2 Rdd6 43. Re1 Ra3 44. Re4 Rf3 45. Ke2 Ra6 46. Reb4
Rc3 47. Rb8 Ra4 48. Rd8 Re4+ 49. Kd1 Ra3 50. Rdb8 Rd4+ 51. Ke2 Rc3 52. R8b3 Rc1
53. Rd2 Ra4 54. Rdb2 Kf5 55. Rd2 Raa1 56. Ke3 Re1+ 57. Re2 Rf1 58. Reb2 Rad1 59.
Ra2 Rg1 60. Rc2 Ra1 61. Rcb2 Rgc1 62. Rd2 Ra4 63. Ke2 Re4+ 64. Re3 Rxe3+ 65. Kxe3
Re1+ 66. Kd3 e4+ 67. Kd4 e3 68. Ra2 Kg6 69. fxe3 Rg1 70. e4 Rxg3 71. e5 fxe5+
72. Kxe5 Re3+ 73. Kf4 Rf3+ 74. Ke5 Rh3 75. Ra6+ Kf7 76. Ra7+ Ke8 77. Kf4 Rxh4
78. Kg3 Rh3+ 79. Kg2 Kf8 80. Rb7 Rc3 81. Rh7 Rc5 82. Kg3 Kg8 83. Ra7 Rc3+ 84.
Kh2 Rb3 85. Rc7 Rf3 86. Ra7 Rf7 87. Ra5 h4 88. Rg5+ Rg7 89. Rh5 g3+ 90. Kg2 Rg4
91. Rh6 Kf7 92. Rh7+ Kf6 93. Rh6+ Kg5 94. Rh8 Rd4 95. Rg8+ Kf4 96. Rf8+ Ke3 97.
Re8+ Re4 98. Ra8 Rf4 99. Re8+ Kd3 100. Rd8+ Ke4 101. Re8+ Kf5 102. Rf8+ Ke5 103.
Re8+ Kd6 104. Re2 Kd5 105. Kh3 Re4 106. Ra2 Ke5 107. Ra8 Kf4 108. Rf8+ Ke3 109.
Kg2 Kd2 110. Rd8+ Ke1 111. Kh3 Re2 112. Kxh4 g2 0-1

[Event "Sygnity Ekstraliga 2016"]
[Site "Gorzow Wlkp. - Wroclaw - Katowice"]
[Date "1899-12-30"]
[Round "4.8"]
[White "Mista, Aleksander"]
[Black "Matuszewski, Michal"]
[Result "1-0"]
[WhiteTitle "GM"]
[BlackTitle "IM"]
[WhiteElo "2593"]
[BlackElo "2468"]

1. e4 c5 2. Nf3 a6 3. c3 e6 4. d4 d5 5. exd5 exd5 6. Bd3 c4 7. Bc2 Nc6 8. O-O Bd6
9. Ne5 Nxe5 10. dxe5 Bc5 11. b3 cxb3 12. axb3 Ne7 13. Qh5 Be6 14. b4 Bb6 15. Nd2
Qc8 16. Ba4+ Nc6 17. Nf3 Bg4 18. Qg5 O-O 19. Be3 h6 20. Qf4 Bxe3 21. fxe3 Bxf3
22. Rxf3 Qe6 23. Bxc6 Qxc6 24. Rd1 Rae8 25. Qd4 Re7 26. h3 Rc8 27. Rd3 Qb5 28.
Qxd5 Qxd5 29. Rxd5 Rxc3 30. Kf2 Rc2+ 31. Kg3 Re2 32. h4 g6 33. Kh3 Rb2 34. Rd4
Rb3 35. g4 b6 36. Kg3 a5 37. bxa5 bxa5 38. Kf4 Ra7 39. Rf1 a4 40. Rd8+ Kg7 41.
Rc1 Rb4+ 42. e4 f6 43. e6 g5+ 44. Ke3 Rb3+ 45. Kf2 Rb2+ 46. Kf1 Re7 47. Rcc8 f5
48. e5 1-0

[Event "Sygnity Ekstraliga 2016"]
[Site "Gorzow Wlkp. - Wroclaw - Katowice"]
[Date "1899-12-30"]
[Round "4.10"]
[White "Sieciechowicz, Marcin"]
[Black "Mikrut, Dariusz"]
[Result "0-1"]
[WhiteTitle "IM"]
[BlackTitle "IM"]
[WhiteElo "2437"]
[BlackElo "2376"]

1. d4 Nf6 2. Nf3 g6 3. g3 Bg7 4. Bg2 O-O 5. O-O c6 6. c4 d6 7. b3 a5 8. Bb2 a4
9. b4 Be6 10. Nfd2 Qb6 11. a3 Qa6 12. Qc2 d5 13. Rc1 Nbd7 14. e3 Rfe8 15. Bf1
Qa7 16. c5 Bf5 17. Qd1 e5 18. b5 h5 19. Nc3 exd4 20. exd4 h4 21. Na2 Bh6 22. Nb4
Re6 23. Bc3 hxg3 24. hxg3 Rae8 25. bxc6 bxc6 26. Bg2 Ng4 27. Bf3 Ndf6 28. Qf1
Qd7 29. Re1 Ne4 30. Bxe4 dxe4 31. Nc4 f6 32. Nd6 e3 33. fxe3 Bxe3+ 34. Kg2 Rxd6
0-1

[Event "Sygnity Ekstraliga 2016"]
[Site "Gorzow Wlkp. - Wroclaw - Katowice"]
[Date "1899-12-30"]
[Round "4.11"]
[White "Barski, Radoslaw"]
[Black "Zawadzki, Stanislaw"]
[Result "1/2-1/2"]
[WhiteTitle "k++"]
[BlackTitle "IM"]
[WhiteElo "2333"]
[BlackElo "2431"]

1. e4 c5 2. Nf3 e6 3. d4 cxd4 4. Nxd4 a6 5. c4 Nf6 6. Nc3 Qc7 7. Be2 b6 8. O-O
Bb7 9. Qd3 d6 10. Be3 Nbd7 11. f3 Rc8 12. Rfc1 Qb8 13. Qd2 Be7 14. a4 Bd8 15.
b4 O-O 16. Nb3 Re8 17. Bf1 Bc7 18. g3 Rcd8 19. Qf2 Ba8 20. a5 bxa5 21. b5 d5 22.
cxd5 exd5 23. Ba7 Qb7 24. bxa6 Qb4 25. Rab1 dxe4 26. Nd2 Qe7 27. Ndxe4 Nxe4 28.
Nxe4 Ne5 29. Be2 f5 30. Bc5 Qd7 31. Ng5 h6 32. Bb5 Qd5 33. Ba4 Rb8 34. Bxe8 Rxe8
35. Rd1 Qc4 36. Rbc1 Qb3 37. Rb1 Qc4 38. Rbc1 Qb3 39. Rb1 1/2-1/2

[Event "Sygnity Ekstraliga 2016"]
[Site "Gorzow Wlkp. - Wroclaw - Katowice"]
[Date "1899-12-30"]
[Round "4.12"]
[White "Szczepkowska-horowska, Karina"]
[Black "Leks, Maria"]
[Result "1-0"]
[WhiteTitle "WGM"]
[BlackTitle "WCM"]
[WhiteElo "2411"]
[BlackElo "2126"]

1. d4 d5 2. c4 e6 3. Nf3 Nf6 4. Nc3 c6 5. e3 Nbd7 6. Qc2 Bd6 7. Bd3 O-O 8. O-O
dxc4 9. Bxc4 e5 10. Rd1 Qc7 11. h3 h6 12. Bb3 Re8 13. dxe5 Nxe5 14. Nd4 a6 15.
f4 Ned7 16. Nf5 Bf8 17. Nd5 Qd8 18. Nc3 Qc7 19. Ng3 Nc5 20. Bc4 b5 21. Bf1 b4
22. Nce2 Nce4 23. Rd4 Nxg3 24. Nxg3 Qb6 25. Kh1 c5 26. Rd1 Bb7 27. Bd3 h5 28.
b3 Rad8 29. Kh2 h4 30. Nf1 Ne4 31. Bb2 Qg6 32. Bc4 Qh5 33. Be2 Qh6 34. Bf3 Bd6
35. Kg1 Qg6 36. Nh2 f5 37. Rd3 Kh7 38. Rad1 Bc7 39. Rd7 Rxd7 40. Rxd7 Bxf4 41.
exf4 Nf6 42. Rxb7 1-0

[Event "Sygnity Ekstraliga 2016"]
[Site "Gorzow Wlkp. - Wroclaw - Katowice"]
[Date "1899-12-30"]
[Round "4.14"]
[White "Skawinski, Arkadiusz"]
[Black "Piorun, Kacper"]
[Result "0-1"]
[WhiteTitle "FM"]
[BlackTitle "GM"]
[WhiteElo "2367"]
[BlackElo "2676"]

1. e4 c6 2. d4 d5 3. exd5 cxd5 4. c4 Nf6 5. Nc3 Nc6 6. Nf3 Be6 7. c5 g6 8. Bb5
Bg7 9. O-O O-O 10. Re1 Bg4 11. Bxc6 bxc6 12. h3 Bxf3 13. Qxf3 Nd7 14. Bg5 Re8
15. Rad1 Rb8 16. Qe2 Qc8 17. Qd2 e5 18. Be3 Qb7 19. b3 exd4 20. Bxd4 Qb4 21. Rxe8+
Rxe8 22. Bxg7 Kxg7 23. Na4 Qxd2 24. Rxd2 Re1+ 25. Kh2 a5 26. Nb6 Nf8 27. Rc2 Ne6
28. f3 h5 29. Kg3 Rf1 30. Nd7 g5 31. Kh2 h4 32. g3 Nd4 33. Rb2 hxg3+ 34. Kxg3
Rxf3+ 35. Kg2 Rc3 0-1